000 01091nam a2200241Ia 4500
999 _c53034
_d53034
001 20070
003 GE_BSU
005 20250417170937.0
008 181216s||||||||xx |||||||||||||| ||und||
040 _cGE_BSU
041 _ageo
080 _a63(075.32) მ-56
100 _aმენაღარიშვილი, აფინოგენ
_924874
245 _aაგროქიმია :
_b[სახელმძღვ. სას.-სამ. ტექნიკუმებისათვის] /
_cაფინოგენ მენაღარიშვილი ; რედ. დ სალუქვაძე.
264 _aთბილისი :
_bგანათლება,
_c1966.
300 _a432 გვ. :
_b ილ. ;
_c22სმ.
504 _aბიბლიოგრ. : გვ. 430
541 _h6 ლ.
653 _aაგროქიმია
653 _aსახელმძღვანელოები ტექნიკუმებისათვის
700 _aსალუქვაძე, დ.
_eრედაქტორი
_93427
942 _cBK
_2udc